[Event "New Delhi Parsvnath op 8th"]
[Site "New Delhi"]
[Date "2010.01.16"]
[Round "4"]
[White "Shanmuganathan, TR."]
[Black "Gutov, Andrey"]
[Result "0-1"]
[WhiteElo "2106"]
[BlackElo "2444"]
[PlyCount "79"]
[EventDate "2010.01.14"]
[EventType "swiss"]
[EventRounds "11"]
[EventCountry "IND"]
[SourceTitle "CBM 134 Extra"]
[Source "ChessBase"]
[SourceDate "2010.03.03"]
[SourceVersion "1"]
[SourceVersionDate "2010.03.03"]
[SourceQuality "1"]

1. e4 e5 2. Nf3 Nc6 3. Bb5 a6 4. Ba4 Nf6 5. d3 d6 6. c3 g6 7. Nbd2 Bg7 8. Nf1 b5 9. Bc2 d5 10. Qe2 0-0 11. Bg5 h6 12. Bxf6 Bxf6 13. Qe3 Bg7 14. Qc5 Ne7 15. d4 exd4 16. cxd4 dxe4 17. Bxe4 Rb8 18. N1d2 Rb6 19. 0-0 Rd6 20. Nb3 f5 21. Bd3 Bb7 22. Rad1 Bxf3 23. gxf3 Nd5 24. Rfe1 Nf4 25. Bf1 Ne6 26. Qc1 Kh7 27. Re3 Nxd4 28. Nxd4 Bxd4 29. Red3 c5 30. Qf4 b4 31. a3 a5 32. axb4 axb4 33. Re1 c4 34. Rd2 c3 35. bxc3 bxc3 36. Rde2 Rf7 37. h4 g5 38. Qh2 gxh4 39. Re8 Qg5+ 40. Kh1 0-1

[Event "New Delhi Parsvnath op 8th"]
[Site "New Delhi"]
[Date "2010.01.14"]
[Round "2"]
[White "Shanmuganathan, TR."]
[Black "Tolstikh, Nikolay"]
[Result "0-1"]
[WhiteElo "2106"]
[BlackElo "2364"]
[PlyCount "46"]
[EventDate "2010.01.14"]
[EventType "swiss"]
[EventRounds "11"]
[EventCountry "IND"]
[SourceTitle "CBM 134 Extra"]
[Source "ChessBase"]
[SourceDate "2010.03.03"]
[SourceVersion "1"]
[SourceVersionDate "2010.03.03"]
[SourceQuality "1"]

1. e4 c5 2. Nc3 Nc6 3. f4 e6 4. Nf3 d5 5. e5 Nh6 6. g3 Be7 7. d3 b5 8. Bh3 Nf5 9. 0-0 b4 10. Ne2 h5 11. a3 Qb6 12. axb4 cxb4+ 13. Kg2 d4 14. c3 dxc3 15. bxc3 Bb7 16. Bxf5 exf5 17. d4 Rd8 18. d5 bxc3 19. d6 g5 20. Nxc3 g4 21. Nd5 gxf3+ 22. Qxf3 Qd4 23. Nxe7 Qxa1 0-1